| 000 | 00790cam a22002654a 4500 | ||
|---|---|---|---|
| 001 | 14880717 | ||
| 005 | 20180123042334.0 | ||
| 008 | 070605s2007 ctu b 001 0 eng | ||
| 010 | _a 2007023402 | ||
| 020 | _a9780275991784 (alk. paper) | ||
| 035 | _a(DNLM)101308516 | ||
| 040 |
_aDNLM/DLC _cDLC _dDLC |
||
| 041 | _aeng | ||
| 042 | _apcc | ||
| 060 | 1 | 0 |
_a616.858 _bL425a 2007 |
| 080 | _a616.858 | ||
| 082 | 0 | 0 |
_a616.858 LAW _222 |
| 100 | 1 | _a7 | |
| 101 | _aNEU | ||
| 245 | 1 | 0 |
_aAsperger syndrome : _cSuzanne C. Lawton ; foreword by Judyth Reichenberg-Ullman. |
| 504 | _aIncludes bibliographical references (p. [175]) and index. | ||
| 906 |
_a7 _bcbc _corignew _d1 _eecip _f20 _gy-gencatlg |
||
| 942 |
_2ddc _cBK |
||
| 999 |
_c40739 _d40739 |
||